| 000 | 00878nam a22002771 4500 | ||
|---|---|---|---|
| 001 | 35277 | ||
| 003 | BD-RjUL | ||
| 005 | 20211209052306.0 | ||
| 008 | 140522s1967 enk b 000 0 eng d | ||
| 035 | _a(BD-RjUL)35371 | ||
| 035 | _a(OCoLC)2049693 | ||
| 040 |
_aDLC _cRUn _dOClW-H _dOCoLC _dUk _dDLC _dBD-RjUL _beng |
||
| 041 | _aeng | ||
| 082 | 0 | 4 |
_a361.4 _bBAN 1967 |
| 100 | 1 |
_aBatten, T. R. _q(Thomas Reginald) _98801 |
|
| 245 | 1 | 4 |
_aThe non-directive approach in group and community work / _cby T.R. Batten with the collaboration of Madge Batten. |
| 260 |
_aLondon : _bOxford U.P., _c1967. |
||
| 300 |
_aix, 148 p. ; _c22 cm. |
||
| 504 | _aIncludes bibliographical references. | ||
| 650 | 0 |
_aCommunity organization. _9107471 |
|
| 650 | 0 |
_aSocial group work. _916781 |
|
| 700 | 1 |
_aBatten, Madge. _9105549 |
|
| 942 |
_2ddc _cBK |
||
| 999 |
_c35277 _d35277 |
||